000 00698nam a2200205Ia 4500
003 GCL
008 140319s9999 xx 000 0 ara d
040 _aGCL /
_cGCL
082 0 4 _a842
_bس ر
100 1 _aسارتر ، جان بول
245 1 0 _aرجال بلا ظلال او موتى بلا قبور /
_cسارتر ، جان بول
700 1 _aزهير طه اليومى(ترجمة)
700 1 _aمحمد القصاصى(تقديم)
300 _a140
490 _aالهيئة العامة للاستعلامات
_v0
650 0 4 _aالادب
650 0 4 _aالادب الفرنسى المترجم
650 0 4 _aالمسرحيات الفرنسية المترجمة
942 _2ddc
_cBK
999 _c46870
_d46870